[Event "EYCC Open-U18 2019"]
[Site "Bratislava"]
[Date "2019.08.06"]
[Round "5.27"]
[White "Chatzieleftheriou, Andreas"]
[Black "Omorjan, Dejan"]
[Result "1-0"]
[WhiteElo "2208"]
[BlackElo "2317"]
[Annotator "NA"]
[PlyCount "107"]
[EventDate "2019.08.02"]
[EventType "swiss"]
[EventCountry "SVK"]
[SourceTitle "playchess.com"]
[Source "ChessBase"]
[SourceQuality "1"]
[TimeControl "40/5400+30:1800+30"]

1. e4 {[%emt 0:00:00]} c5 {[%emt 0:00:00]} 2. Nf3 {[%emt 0:00:00]} d6 {[%emt 0:00:00]} 3. Bb5+ {[%emt 0:00:00]} Nd7 {[%emt 0:00:07]} 4. a4 {[%emt 0:00:16]} Ngf6 {[%emt 0:01:08]} 5. Nc3 {[%emt 0:00:26]} a6 {[%emt 0:06:22]} 6. Be2 {[%emt 0:01:38]} e5 {[%emt 0:02:26]} 7. d3 {[%emt 0:02:23]} Be7 {[%emt 0:06:55]} 8. O-O {[%emt 0:02:03]} Nf8 {[%emt 0:02:46]} 9. Nd2 {[%emt 0:04:25]} Ng6 {[%emt 0:05:51]} 10. Nc4 {[%emt 0:01:53]} Be6 {[%emt 0:04:26]} 11. a5 {[%emt 0:03:44]} O-O {[%emt 0:07:18]} 12. Nb6 {[%emt 0:05:47]} Rb8 {[%emt 0:01:15]} 13. Ncd5 {[%emt 0:03:05]} Bxd5 {[%emt 0:04:52]} 14. Nxd5 {[%emt 0:00:58]} Nxd5 {[%emt 0:01:24]} 15. exd5 {[%emt 0:00:09]} Bg5 {[%emt 0:01:23]} 16. Be3 {[%emt 0:05:31]} f5 {[%emt 0:03:21]} 17. Qc1 {[%emt 0:02:36]} Bxe3 {[%emt 0:06:22]} 18. fxe3 {[%emt 0:05:31]} Qh4 {[%emt 0:07:38]} 19. Qe1 {[%emt 0:09:16]} Qh6 {[%emt 0:03:28]} 20. Qg3 {[%emt 0:07:36]} Ne7 {[%emt 0:06:13]} 21. d4 {[%emt 0:04:12]} cxd4 {[%emt 0:03:22]} 22. exd4 {[%emt 0:00:13]} e4 {[%emt 0:02:22]} 23. Qf4 {[%emt 0:01:34]} g5 {[%emt 0:06:13]} 24. Qe3 {[%emt 0:02:54]} Qg6 {[%emt 0:02:12]} 25. Qh3 {[%emt 0:02:14]} Kh8 {[%emt 0:03:10]} 26. c4 {[%emt 0:01:20]} Qf6 {[%emt 0:04:45]} 27. Qe3 {[%emt 0:04:17]} Qg6 {[%emt 0:02:16]} 28. Qh3 {[%emt 0:00:48]} Rf6 {[%emt 0:02:09]} 29. Rad1 {[%emt 0:03:48]} f4 {[%emt 0:04:03]} 30. Bg4 {[%emt 0:02:28]} Kg7 31. Rfe1 {[%emt 0:00:31]} e3 {[%emt 0:00:57]} 32. Qf3 {[%emt 0:00:30]} Rh8 {[%emt 0:00:38]} 33. Bh5 {[%emt 0:00:50]} Qf5 {[%emt 0:00:08]} 34. Bg4 {[%emt 0:00:18]} Qc2 {[%emt 0:00:25]} 35. Qe2 {[%emt 0:00:08]} Qxe2 {[%emt 0:00:29]} 36. Rxe2 {[%emt 0:00:18]} h5 {[%emt 0:00:41]} 37. Be6 {[%emt 0:00:06]} Rd8 {[%emt 0:00:45]} 38. Rf1 {[%emt 0:00:55]} Nf5 {[%emt 0:00:31]} 39. Bxf5 {[%emt 0:00:12]} Rxf5 {[%emt 0:00:05]} 40. Rxe3 {[%emt 0:00:00]} fxe3 {[%emt 0:00:00]} 41. Rxf5 {[%emt 0:00:21]} Kg6 {[%emt 0:11:42]} 42. Rf3 {[%emt 0:06:57]} Re8 {[%emt 0:00:33]} 43. Kf1 {[%emt 0:00:04]} g4 {[%emt 0:05:22]} 44. Rf4 {[%emt 0:00:48]} Kg5 45. g3 {[%emt 0:18:45]} e2+ {[%emt 0:05:26]} 46. Ke1 {[%emt 0:00:30]} h4 {[%emt 0:01:00]} 47. Rf2 {[%emt 0:02:33]} hxg3 {[%emt 0:00:30]} 48. hxg3 {[%emt 0:00:02]} Re4 {[%emt 0:04:51]} 49. b3 {[%emt 0:00:47]} Re3 {[%emt 0:01:15]} 50. Rxe2 {[%emt 0:00:10]} Rxb3 {[%emt 0:02:17]} 51. c5 {[%emt 0:00:39]} Rd3 {[%emt 0:02:06]} 52. cxd6 {[%emt 0:00:25]} Rxd4 {[%emt 0:00:21]} 53. d7 {[%emt 0:00:11]} Rxd5 {[%emt 0:00:17]} 54. Rd2 {[%emt 0:00:04]} 1-0

[Event "EYCC Open-U18 2019"]
[Site "Bratislava"]
[Date "2019.08.06"]
[Round "5.28"]
[White "Mladek, Richard"]
[Black "Pektas, Yigit"]
[Result "1-0"]
[WhiteElo "2253"]
[BlackElo "2111"]
[Annotator "NA"]
[PlyCount "53"]
[EventDate "2019.08.02"]
[EventType "swiss"]
[EventCountry "SVK"]
[SourceTitle "playchess.com"]
[Source "ChessBase"]
[SourceQuality "1"]
[TimeControl "40/5400+30:1800+30"]

1. e4 {[%emt 0:00:00]} c6 {[%emt 0:00:00]} 2. d4 {[%emt 0:00:00]} d5 {[%emt 0:00:00]} 3. e5 {[%emt 0:00:00]} c5 {[%emt 0:00:00]} 4. dxc5 {[%emt 0:00:00]} Nc6 {[%emt 0:00:00]} 5. a3 {[%emt 0:00:35]} e6 {[%emt 0:09:32]} 6. Nf3 {[%emt 0:00:58]} a5 {[%emt 0:05:04]} 7. Be3 {[%emt 0:08:17]} Nh6 {[%emt 0:00:07]} 8. Bb5 {[%emt 0:00:59]} Nf5 {[%emt 0:06:17]} 9. Bd4 {[%emt 0:01:02]} Bd7 {[%emt 0:07:34]} 10. Bxc6 {[%emt 0:01:29]} Bxc6 {[%emt 0:00:05]} 11. O-O {[%emt 0:00:58]} Qc7 {[%emt 0:11:54]} 12. Nc3 {[%emt 0:01:12]} Be7 {[%emt 0:02:39]} 13. Re1 {[%emt 0:12:31]} O-O {[%emt 0:00:18]} 14. b4 {[%emt 0:07:54]} Rfb8 {[%emt 0:05:06]} 15. g4 {[%emt 0:03:28]} Nxd4 {[%emt 0:01:01]} 16. Nxd4 {[%emt 0:00:19]} Be8 {[%emt 0:00:52]} 17. Ncb5 {[%emt 0:02:31]} Bxb5 {[%emt 0:00:47]} 18. Nxb5 {[%emt 0:00:02]} Qc6 {[%emt 0:00:47]} 19. Nd4 {[%emt 0:01:18]} Qc7 {[%emt 0:01:04]} 20. c3 {[%emt 0:04:07]} b6 {[%emt 0:01:32]} 21. c6 {[%emt 0:00:58]} b5 {[%emt 0:00:28]} 22. f4 {[%emt 0:01:45]} Ra6 {[%emt 0:05:24]} 23. Qd3 {[%emt 0:03:54]} Qa7 {[%emt 0:00:55]} 24. Kg2 {[%emt 0:02:28]} axb4 {[%emt 0:01:52]} 25. Nxb5 {[%emt 0:02:10]} Rxb5 {[%emt 0:00:05]} 26. Qxb5 {[%emt 0:00:16]} bxc3 {[%emt 0:02:42]} 27. c7 {[%emt 0:01:38]} 1-0

[Event "EYCC Open-U18 2019"]
[Site "Bratislava"]
[Date "2019.08.06"]
[Round "5.29"]
[White "Pirard, Natan"]
[Black "Halfhide, Sebastian"]
[Result "1/2-1/2"]
[WhiteElo "2153"]
[BlackElo "2286"]
[Annotator "NA"]
[PlyCount "82"]
[EventDate "2019.08.02"]
[EventType "swiss"]
[EventCountry "SVK"]
[SourceTitle "playchess.com"]
[Source "ChessBase"]
[SourceQuality "1"]
[TimeControl "40/5400+30:1800+30"]

1. e4 {[%emt 0:00:00]} e5 {[%emt 0:00:15]} 2. Nf3 {[%emt 0:00:00]} Nc6 {[%emt 0:00:05]} 3. Bb5 {[%emt 0:05:46]} a6 {[%emt 0:00:31]} 4. Ba4 {[%emt 0:00:03]} d6 {[%emt 0:00:12]} 5. O-O {[%emt 0:01:37]} Bd7 {[%emt 0:01:44]} 6. Re1 {[%emt 0:04:01]} g6 {[%emt 0:06:40]} 7. c3 {[%emt 0:07:39]} Bg7 {[%emt 0:03:23]} 8. d4 {[%emt 0:00:18]} Nf6 {[%emt 0:16:41]} 9. dxe5 {[%emt 0:05:23]} Nxe5 {[%emt 0:05:16]} 10. Nxe5 {[%emt 0:01:15]} dxe5 {[%emt 0:00:43]} 11. Bg5 {[%emt 0:03:38]} b5 {[%emt 0:09:40]} 12. Bb3 {[%emt 0:02:01]} O-O {[%emt 0:02:43]} 13. a4 {[%emt 0:03:43]} Qe7 {[%emt 0:05:27]} 14. Na3 {[%emt 0:10:52]} h6 {[%emt 0:02:15]} 15. Bxf6 {[%emt 0:01:40]} Bxf6 {[%emt 0:00:05]} 16. Nc2 {[%emt 0:02:35]} Rfd8 {[%emt 0:06:04]} 17. Qe2 {[%emt 0:06:07]} Be8 {[%emt 0:03:58]} 18. Nb4 {[%emt 0:03:40]} c6 {[%emt 0:04:31]} 19. axb5 {[%emt 0:10:46]} axb5 {[%emt 0:00:05]} 20. Rxa8 {[%emt 0:00:45]} Rxa8 {[%emt 0:00:07]} 21. Rd1 {[%emt 0:00:12]} Kg7 {[%emt 0:08:04]} 22. Qe3 {[%emt 0:08:01]} Qa7 {[%emt 0:03:05]} 23. Qxa7 {[%emt 0:02:47]} Rxa7 {[%emt 0:00:04]} 24. Nd3 {[%emt 0:00:55]} Rd7 {[%emt 0:06:18]} 25. Kf1 {[%emt 0:01:15]} Kf8 {[%emt 0:02:34]} 26. Ke2 {[%emt 0:01:37]} Ra7 {[%emt 0:00:08]} 27. Ne1 {[%emt 0:08:39]} Be7 {[%emt 0:01:19]} 28. Nc2 {[%emt 0:00:53]} Bc5 {[%emt 0:03:31]} 29. Ra1 {[%emt 0:01:01]} Rxa1 {[%emt 0:00:43]} 30. Nxa1 {[%emt 0:00:03]} Ke7 {[%emt 0:01:16]} 31. Ba2 {[%emt 0:00:23]} f5 {[%emt 0:00:27]} 32. Nb3 {[%emt 0:02:00]} Bb6 {[%emt 0:00:15]} 33. Nd2 {[%emt 0:00:14]} Kf6 {[%emt 0:01:07]} 34. b4 {[%emt 0:02:43]} Bd7 {[%emt 0:02:06]} 35. Bb3 {[%emt 0:00:55]} h5 {[%emt 0:02:06]} 36. h3 {[%emt 0:01:42]} Ba7 {[%emt 0:01:42]} 37. Ba2 {[%emt 0:00:32]} Bc8 {[%emt 0:00:52]} 38. Bb3 {[%emt 0:01:47]} Bb7 {[%emt 0:01:15]} 39. Bc2 {[%emt 0:00:51]} Bc8 {[%emt 0:01:14]} 40. Bb3 {[%emt 0:00:00]} Ba6 {[%emt 0:00:00]} 41. Ba2 {[%emt 0:04:19]} Bc8 {[%emt 0:04:29]} 1/2-1/2

[Event "EYCC Open-U18 2019"]
[Site "Bratislava"]
[Date "2019.08.06"]
[Round "5.30"]
[White "Heimisson, Hilmir Freyr"]
[Black "Gray, Euan"]
[Result "1-0"]
[WhiteElo "2279"]
[BlackElo "2004"]
[Annotator "NA"]
[PlyCount "129"]
[EventDate "2019.08.02"]
[EventType "swiss"]
[EventCountry "SVK"]
[SourceTitle "playchess.com"]
[Source "ChessBase"]
[SourceQuality "1"]
[TimeControl "40/5400+30:1800+30"]

1. c4 {[%emt 0:00:00]} e5 {[%emt 0:00:00]} 2. g3 {[%emt 0:00:00]} Nc6 {[%emt 0:00:00]} 3. Bg2 {[%emt 0:00:00]} Nf6 {[%emt 0:00:14]} 4. Nf3 {[%emt 0:00:00]} Bc5 {[%emt 0:01:15]} 5. Nc3 {[%emt 0:00:25]} O-O {[%emt 0:04:53]} 6. O-O {[%emt 0:00:28]} d6 {[%emt 0:03:45]} 7. d3 {[%emt 0:02:52]} h6 {[%emt 0:02:19]} 8. a3 {[%emt 0:01:25]} Be6 {[%emt 0:07:45]} 9. b4 {[%emt 0:04:07]} Bb6 {[%emt 0:00:34]} 10. Bb2 {[%emt 0:06:05]} Nd7 {[%emt 0:13:31]} 11. Na4 {[%emt 0:11:13]} Qe7 {[%emt 0:16:00]} 12. Rc1 {[%emt 0:04:26]} a5 {[%emt 0:03:10]} 13. Qb3 {[%emt 0:16:27]} Kh8 {[%emt 0:10:35]} 14. e3 {[%emt 0:02:46]} Bg4 {[%emt 0:02:59]} 15. d4 {[%emt 0:09:25]} axb4 {[%emt 0:07:43]} 16. axb4 {[%emt 0:00:22]} Qf6 {[%emt 0:01:40]} 17. Nxb6 {[%emt 0:01:38]} Nxb6 {[%emt 0:00:18]} 18. dxe5 {[%emt 0:05:05]} dxe5 {[%emt 0:00:44]} 19. Nxe5 {[%emt 0:02:17]} Nxe5 {[%emt 0:00:26]} 20. f4 {[%emt 0:00:03]} Nbd7 {[%emt 0:02:50]} 21. fxe5 {[%emt 0:00:08]} Qe7 {[%emt 0:01:10]} 22. Qc3 {[%emt 0:02:54]} c6 {[%emt 0:02:38]} 23. Qd4 {[%emt 0:04:15]} Be6 {[%emt 0:00:26]} 24. b5 {[%emt 0:00:23]} Rfc8 {[%emt 0:01:57]} 25. bxc6 {[%emt 0:01:49]} bxc6 {[%emt 0:00:13]} 26. Ra1 {[%emt 0:00:19]} Rxa1 {[%emt 0:00:48]} 27. Rxa1 {[%emt 0:00:11]} Qb4 {[%emt 0:00:58]} 28. Bf1 {[%emt 0:07:11]} Rb8 {[%emt 0:03:14]} 29. Ba3 {[%emt 0:00:31]} Qb3 {[%emt 0:00:45]} 30. Bd6 {[%emt 0:00:37]} Rc8 {[%emt 0:00:10]} 31. c5 {[%emt 0:02:36]} Re8 {[%emt 0:03:15]} 32. Bg2 {[%emt 0:00:54]} Rc8 {[%emt 0:02:17]} 33. Rf1 {[%emt 0:02:45]} Bc4 {[%emt 0:01:54]} 34. Ra1 {[%emt 0:01:06]} Be6 {[%emt 0:00:06]} 35. h3 {[%emt 0:00:12]} Bd5 {[%emt 0:01:02]} 36. Bxd5 {[%emt 0:01:25]} Qxd5 {[%emt 0:00:58]} 37. Qxd5 {[%emt 0:00:55]} cxd5 {[%emt 0:00:02]} 38. Rc1 {[%emt 0:00:14]} Rc6 {[%emt 0:00:13]} 39. Kf2 {[%emt 0:02:29]} Kg8 {[%emt 0:04:50]} 40. Ke2 {[%emt 0:00:00]} Nf8 {[%emt 0:00:00]} 41. Bxf8 {[%emt 0:03:55]} Kxf8 {[%emt 0:01:43]} 42. Kd3 {[%emt 0:00:02]} Ke7 {[%emt 0:06:17]} 43. Kd4 {[%emt 0:00:14]} Kd7 {[%emt 0:00:25]} 44. Rf1 {[%emt 0:02:39]} Ra6 {[%emt 0:01:55]} 45. Kxd5 {[%emt 0:00:18]} f6 {[%emt 0:00:06]} 46. Rb1 {[%emt 0:01:49]} Kc7 {[%emt 0:01:30]} 47. Rb6 {[%emt 0:02:40]} Ra3 {[%emt 0:00:30]} 48. exf6 {[%emt 0:00:48]} gxf6 {[%emt 0:00:16]} 49. Rxf6 {[%emt 0:02:03]} Rxe3 {[%emt 0:00:25]} 50. Rf7+ {[%emt 0:00:05]} Kc8 {[%emt 0:00:23]} 51. Rg7 {[%emt 0:00:54]} h5 {[%emt 0:01:02]} 52. Kd6 {[%emt 0:01:46]} Rd3+ {[%emt 0:01:23]} 53. Kc6 {[%emt 0:00:17]} Kb8 {[%emt 0:00:06]} 54. Rg8+ {[%emt 0:00:17]} Ka7 {[%emt 0:00:02]} 55. Kc7 {[%emt 0:00:11]} h4 {[%emt 0:00:40]} 56. gxh4 {[%emt 0:01:14]} Rxh3 {[%emt 0:00:13]} 57. Rg4 {[%emt 0:00:22]} Ka6 {[%emt 0:00:37]} 58. c6 {[%emt 0:00:11]} Rf3 {[%emt 0:02:03]} 59. Rg8 {[%emt 0:03:47]} Ka7 {[%emt 0:03:53]} 60. Kc8 {[%emt 0:00:45]} Rd3 {[%emt 0:06:47]} 61. h5 {[%emt 0:03:10]} Kb6 {[%emt 0:01:03]} 62. c7 {[%emt 0:00:46]} Ra3 {[%emt 0:00:21]} 63. Rg6+ {[%emt 0:00:18]} Ka7 {[%emt 0:00:06]} 64. Kd7 {[%emt 0:00:19]} Rd3+ {[%emt 0:00:07]} 65. Rd6 {[%emt 0:00:06]} 1-0

[Event "EYCC Open-U18 2019"]
[Site "Bratislava"]
[Date "2019.08.06"]
[Round "5.31"]
[White "Bekasovs, Rihards"]
[Black "Crevatin, Leo"]
[Result "1/2-1/2"]
[WhiteElo "2144"]
[BlackElo "2146"]
[Annotator "NA"]
[PlyCount "93"]
[EventDate "2019.08.02"]
[EventType "swiss"]
[EventCountry "SVK"]
[SourceTitle "playchess.com"]
[Source "ChessBase"]
[SourceQuality "1"]
[TimeControl "40/5400+30:1800+30"]

1. Nf3 {[%emt 0:00:00]} d5 {[%emt 0:00:00]} 2. c4 {[%emt 0:00:00]} e6 {[%emt 0:00:00]} 3. e3 {[%emt 0:00:42]} Nf6 {[%emt 0:00:00]} 4. b3 {[%emt 0:00:07]} b6 {[%emt 0:00:20]} 5. Bb2 {[%emt 0:00:43]} Bb7 {[%emt 0:00:18]} 6. Nc3 {[%emt 0:01:05]} Nbd7 {[%emt 0:01:11]} 7. Be2 {[%emt 0:00:51]} a6 {[%emt 0:02:29]} 8. O-O {[%emt 0:00:51]} Bd6 {[%emt 0:00:08]} 9. Rc1 {[%emt 0:02:03]} O-O {[%emt 0:00:29]} 10. Qc2 {[%emt 0:00:58]} Qe7 {[%emt 0:03:17]} 11. Rfd1 {[%emt 0:10:57]} Rfd8 {[%emt 0:04:59]} 12. d3 {[%emt 0:09:02]} Rac8 {[%emt 0:11:34]} 13. Nb1 {[%emt 0:18:16]} e5 {[%emt 0:08:09]} 14. cxd5 {[%emt 0:03:29]} Nxd5 {[%emt 0:01:44]} 15. Nc3 {[%emt 0:02:09]} c5 {[%emt 0:05:27]} 16. Nxd5 {[%emt 0:02:44]} Bxd5 {[%emt 0:03:42]} 17. Nd2 {[%emt 0:02:53]} Nf6 {[%emt 0:09:00]} 18. Bf3 {[%emt 0:01:29]} Bxf3 {[%emt 0:01:30]} 19. Nxf3 {[%emt 0:00:02]} Nd5 {[%emt 0:02:21]} 20. Qc4 {[%emt 0:01:44]} Nb4 {[%emt 0:03:42]} 21. a3 {[%emt 0:02:38]} b5 {[%emt 0:00:08]} 22. Qe4 {[%emt 0:00:18]} Nc6 {[%emt 0:00:27]} 23. b4 {[%emt 0:08:49]} Na7 {[%emt 0:09:09]} 24. bxc5 {[%emt 0:06:11]} Rxc5 {[%emt 0:01:50]} 25. Rxc5 {[%emt 0:00:13]} Bxc5 {[%emt 0:00:01]} 26. Qxe5 {[%emt 0:00:01]} Qf8 {[%emt 0:01:01]} 27. Qc7 {[%emt 0:08:45]} Rc8 {[%emt 0:03:30]} 28. Qb7 {[%emt 0:05:10]} Qd6 {[%emt 0:02:07]} 29. Rc1 {[%emt 0:00:14]} Rb8 {[%emt 0:05:54]} 30. Qe4 {[%emt 0:01:04]} Qf8 {[%emt 0:01:55]} 31. Qe5 {[%emt 0:02:10]} Bd6 {[%emt 0:00:17]} 32. Qc3 {[%emt 0:01:26]} b4 {[%emt 0:03:13]} 33. axb4 {[%emt 0:00:24]} Bxb4 {[%emt 0:00:15]} 34. Qc2 {[%emt 0:03:29]} Rc8 {[%emt 0:02:41]} 35. Qa4 {[%emt 0:01:23]} a5 {[%emt 0:01:00]} 36. Nd4 {[%emt 0:01:15]} h6 {[%emt 0:00:56]} 37. h3 {[%emt 0:01:52]} Rxc1+ {[%emt 0:01:17]} 38. Bxc1 {[%emt 0:00:01]} Nc8 {[%emt 0:00:15]} 39. Bb2 {[%emt 0:00:44]} Nb6 {[%emt 0:01:15]} 40. Qb5 {[%emt 0:00:00]} Qc5 {[%emt 0:00:00]} 41. Qe8+ {[%emt 0:02:33]} Qf8 {[%emt 0:05:57]} 42. Qe5 {[%emt 0:06:09]} Na4 {[%emt 0:04:49]} 43. Ba1 {[%emt 0:01:33]} Nc5 {[%emt 0:02:43]} 44. Nf5 {[%emt 0:08:55]} f6 {[%emt 0:00:40]} 45. Qd5+ {[%emt 0:06:40]} Qf7 {[%emt 0:00:17]} 46. Qd8+ {[%emt 0:01:59]} Qf8 {[%emt 0:01:04]} 47. Qd5+ {[%emt 0:00:36]} 1/2-1/2

[Event "EYCC Open-U18 2019"]
[Site "Bratislava"]
[Date "2019.08.06"]
[Round "5.32"]
[White "Kukas, Oliver"]
[Black "Golikov, Daniil"]
[Result "1-0"]
[WhiteElo "2082"]
[BlackElo "2257"]
[Annotator "NA"]
[PlyCount "141"]
[EventDate "2019.08.02"]
[EventType "swiss"]
[EventCountry "SVK"]
[SourceTitle "playchess.com"]
[Source "ChessBase"]
[SourceQuality "1"]
[TimeControl "40/5400+30:1800+30"]

1. e4 {[%emt 0:00:00]} e6 {[%emt 0:00:00]} 2. d4 {[%emt 0:00:00]} d5 {[%emt 0:00:00]} 3. Nc3 {[%emt 0:00:00]} Nf6 {[%emt 0:00:00]} 4. Bg5 {[%emt 0:00:00]} Be7 {[%emt 0:00:00]} 5. e5 {[%emt 0:00:00]} Nfd7 {[%emt 0:00:00]} 6. h4 {[%emt 0:00:00]} h6 {[%emt 0:00:00]} 7. Be3 {[%emt 0:00:26]} c5 {[%emt 0:09:44]} 8. Qg4 {[%emt 0:00:06]} Kf8 {[%emt 0:00:06]} 9. dxc5 {[%emt 0:02:19]} Nxe5 {[%emt 0:03:46]} 10. Qg3 {[%emt 0:00:43]} Nbc6 {[%emt 0:06:22]} 11. O-O-O {[%emt 0:00:23]} Nd7 {[%emt 0:01:41]} 12. Nf3 {[%emt 0:03:09]} Nxc5 {[%emt 0:04:57]} 13. Bf4 {[%emt 0:06:58]} Bd7 {[%emt 0:04:29]} 14. Bc7 {[%emt 0:04:13]} Qc8 {[%emt 0:02:01]} 15. Bb5 {[%emt 0:19:22]} Be8 {[%emt 0:07:21]} 16. Rhe1 {[%emt 0:01:20]} a6 {[%emt 0:03:39]} 17. Nxd5 {[%emt 0:22:51]} exd5 {[%emt 0:03:18]} 18. Bxc6 {[%emt 0:00:12]} Ne4 {[%emt 0:00:30]} 19. Rxe4 {[%emt 0:00:10]} dxe4 {[%emt 0:03:51]} 20. Bxe4 {[%emt 0:00:52]} h5 {[%emt 0:09:12]} 21. Qe5 {[%emt 0:10:48]} Bc6 {[%emt 0:02:45]} 22. Bf5 {[%emt 0:02:09]} Qe8 {[%emt 0:02:34]} 23. Nd4 {[%emt 0:02:41]} Rh6 {[%emt 0:16:16]} 24. g3 {[%emt 0:01:53]} Bb4 {[%emt 0:04:57]} 25. Qf4 {[%emt 0:01:21]} Qe7 {[%emt 0:00:51]} 26. Nb3 {[%emt 0:07:09]} Kg8 {[%emt 0:03:23]} 27. a3 {[%emt 0:03:36]} Bc5 {[%emt 0:01:44]} 28. Nxc5 {[%emt 0:00:22]} Qxc5 {[%emt 0:00:01]} 29. Be5 {[%emt 0:00:40]} Re8 {[%emt 0:01:13]} 30. Bd4 {[%emt 0:00:24]} Qe7 {[%emt 0:00:02]} 31. Bc3 {[%emt 0:00:46]} Bb5 {[%emt 0:04:29]} 32. Qd4 {[%emt 0:00:18]} Rf6 {[%emt 0:00:49]} 33. Qf4 {[%emt 0:01:00]} Rc6 {[%emt 0:00:48]} 34. Re1 {[%emt 0:01:50]} Qxe1+ {[%emt 0:03:45]} 35. Bxe1 {[%emt 0:00:01]} Rxe1+ {[%emt 0:00:04]} 36. Kd2 {[%emt 0:00:11]} Re2+ {[%emt 0:00:02]} 37. Kd1 {[%emt 0:00:54]} Re8 {[%emt 0:00:43]} 38. a4 {[%emt 0:01:52]} Be2+ {[%emt 0:01:26]} 39. Kc1 {[%emt 0:00:31]} Rf6 {[%emt 0:00:01]} 40. Qg5 {[%emt 0:00:00]} Bf3 {[%emt 0:00:00]} 41. Bd3 {[%emt 0:04:26]} Ree6 {[%emt 0:11:26]} 42. Qc5 {[%emt 0:03:00]} g6 {[%emt 0:00:28]} 43. b4 {[%emt 0:00:49]} Kh7 {[%emt 0:03:58]} 44. Kb2 {[%emt 0:00:27]} Rd6 {[%emt 0:01:28]} 45. b5 {[%emt 0:01:54]} axb5 {[%emt 0:00:03]} 46. axb5 {[%emt 0:00:03]} b6 {[%emt 0:00:24]} 47. Qe5 {[%emt 0:00:27]} Kg7 {[%emt 0:00:34]} 48. Qe3 {[%emt 0:02:19]} Rde6 {[%emt 0:00:59]} 49. Qd4 {[%emt 0:00:01]} Kh7 {[%emt 0:00:56]} 50. Bc4 {[%emt 0:01:34]} Rd6 {[%emt 0:00:20]} 51. Qe5 {[%emt 0:00:16]} Kg7 {[%emt 0:00:40]} 52. Kc3 {[%emt 0:01:29]} Rd7 {[%emt 0:02:14]} 53. Bb3 {[%emt 0:03:27]} Ra7 {[%emt 0:01:40]} 54. Kb4 {[%emt 0:01:17]} Ra8 {[%emt 0:00:31]} 55. c4 {[%emt 0:01:55]} Rc8 {[%emt 0:00:06]} 56. Qc3 {[%emt 0:01:23]} Rc5 {[%emt 0:00:49]} 57. Bc2 {[%emt 0:02:16]} Be2 {[%emt 0:00:42]} 58. Bb3 {[%emt 0:01:09]} g5 {[%emt 0:02:05]} 59. hxg5 {[%emt 0:00:18]} Rxg5 {[%emt 0:00:01]} 60. Qe3 {[%emt 0:01:15]} Rgf5 {[%emt 0:03:11]} 61. Qxe2 {[%emt 0:00:07]} Rxf2 {[%emt 0:00:07]} 62. Qxh5 {[%emt 0:00:15]} R2f5 {[%emt 0:01:31]} 63. Qg4+ {[%emt 0:00:24]} Kf8 {[%emt 0:00:05]} 64. Qd4 {[%emt 0:01:21]} Ke7 {[%emt 0:00:33]} 65. Bc2 {[%emt 0:01:39]} Rc5 {[%emt 0:00:43]} 66. Be4 {[%emt 0:00:39]} Rd6 {[%emt 0:00:50]} 67. Bd5 {[%emt 0:00:09]} Rg6 {[%emt 0:00:43]} 68. Qe5+ {[%emt 0:00:16]} Kf8 {[%emt 0:00:11]} 69. Qh8+ {[%emt 0:01:24]} Ke7 {[%emt 0:00:03]} 70. Qh4+ {[%emt 0:01:08]} Kf8 {[%emt 0:00:14]} 71. Qf4 {[%emt 0:00:12]} 1-0

[Event "EYCC Open-U18 2019"]
[Site "Bratislava"]
[Date "2019.08.06"]
[Round "5.33"]
[White "Zeman, Matyas"]
[Black "Kaspar, Lukas"]
[Result "1-0"]
[WhiteElo "2275"]
[BlackElo "1886"]
[Annotator "NA"]
[PlyCount "55"]
[EventDate "2019.08.02"]
[EventType "swiss"]
[EventCountry "SVK"]
[SourceTitle "playchess.com"]
[Source "ChessBase"]
[SourceQuality "1"]
[TimeControl "40/5400+30:1800+30"]

1. e4 {[%emt 0:00:00]} d6 {[%emt 0:00:23]} 2. d4 {[%emt 0:00:00]} g6 {[%emt 0:00:19]} 3. Nc3 {[%emt 0:00:06]} Bg7 {[%emt 0:00:06]} 4. g3 {[%emt 0:00:40]} a6 {[%emt 0:07:16]} 5. Bg2 {[%emt 0:05:27]} Nd7 {[%emt 0:07:01]} 6. Nge2 {[%emt 0:06:37]} Rb8 {[%emt 0:12:25]} 7. O-O {[%emt 0:01:58]} c5 {[%emt 0:02:12]} 8. dxc5 {[%emt 0:12:16]} Nxc5 {[%emt 0:02:54]} 9. Be3 {[%emt 0:00:14]} Bd7 {[%emt 0:04:44]} 10. Bd4 {[%emt 0:02:05]} Bxd4 {[%emt 0:04:11]} 11. Qxd4 {[%emt 0:00:19]} Nf6 {[%emt 0:00:38]} 12. f4 {[%emt 0:07:57]} O-O {[%emt 0:03:02]} 13. h3 {[%emt 0:02:20]} Qc8 {[%emt 0:08:07]} 14. Kh2 {[%emt 0:01:27]} Ne6 {[%emt 0:04:27]} 15. Qd2 {[%emt 0:00:52]} b5 {[%emt 0:02:22]} 16. a3 {[%emt 0:13:37]} Qc5 {[%emt 0:05:41]} 17. e5 {[%emt 0:02:16]} dxe5 {[%emt 0:06:38]} 18. fxe5 {[%emt 0:00:05]} Qxe5 {[%emt 0:00:15]} 19. Rxf6 {[%emt 0:00:08]} Qxf6 {[%emt 0:01:04]} 20. Qxd7 {[%emt 0:00:04]} Rfd8 {[%emt 0:02:34]} 21. Qa7 {[%emt 0:00:35]} Ng7 {[%emt 0:04:55]} 22. Nf4 {[%emt 0:08:46]} Nf5 {[%emt 0:06:17]} 23. Re1 {[%emt 0:03:01]} Qd6 {[%emt 0:02:49]} 24. Ne4 {[%emt 0:07:00]} Qb6 {[%emt 0:02:39]} 25. Qxb6 {[%emt 0:00:45]} Rxb6 {[%emt 0:00:02]} 26. g4 {[%emt 0:05:49]} Nd6 {[%emt 0:02:35]} 27. Nd5 {[%emt 0:01:53]} Rb7 {[%emt 0:04:44]} 28. Nxd6 {[%emt 0:00:10]} 1-0